[Event "Buenos Aires Najdorf"]
[Site "Buenos Aires"]
[Date "1996.??.??"]
[Round "1"]
[White "Granda Zuniga, Julio E"]
[Black "Slipak, Sergio"]
[Result "0-1"]
[WhiteElo "2600"]
[BlackElo "2535"]
[Annotator "Blatny,P"]
[PlyCount "68"]
[EventDate "1996.04.??"]
[EventType "tourn"]
[EventRounds "9"]
[EventCountry "ARG"]
[EventCategory "13"]
[SourceTitle "CBM 053"]
[Source "ChessBase"]
[SourceDate "1996.08.01"]
[SourceVersion "1"]
[SourceVersionDate "1996.08.01"]
[SourceQuality "1"]

1. e4 e5 2. d4 exd4 3. Qxd4 Nc6 4. Qe3 Nf6 5. Bd2 (5. c4 $2 Bb4+ 6. Nc3 O-O 7.
f3 d5 $1 $17) (5. Nc3 Be7 6. Qg3 O-O 7. Bh6 Ne8 8. Bf4 d6 9. O-O-O $14) 5...
Bb4 6. Nc3 O-O 7. O-O-O Re8 8. Qg3 (8. Bc4 Bxc3 (8... Ne5 $13) 9. Bxc3 Nxe4 10.
Qf4 Re7 11. Bxf7+ Rxf7 12. Qxe4 Qg5+ 13. Rd2 d5 $10 {Granda Zuniga-Fernandez/
Pamplona/1991/}) 8... Rxe4 9. Bg5 $2 $146 (9. f3 $6 Re6 10. Bd3 d5 11. Nge2 Ne5
12. Bf5 Re8 13. Bh3 c6 14. Nd4 Bd6 15. Qf2 Nc4 16. Nf5 Bxf5 17. Bxf5 Qa5 18.
Kb1 Qb4 19. Bc1 Bf4 $1 $19 {><b2 Marosi,C-Majdanics,A/Szekszard op (06)/1989/})
(9. f4 d5 10. Bd3 Re8 11. Nf3 d4 12. Ne2 Qd5 13. Kb1 Rxe2 $1 14. Bxe2 Be6 15.
b3 Ne4 16. Qh4 $6 Bxd2 17. Rxd2 Nxd2+ 18. Nxd2 Qxg2 $19 {Wallyn,A-Sharif,Me/
Lyon op/1990/}) (9. a3 $1 Rg4 $5 (9... Ba5 10. Bg5 Bxc3 11. Qxc3 Rg4 $6 (11...
Re8 $142) 12. f4 $1 {צg4} Ne4 13. Bxd8 Nxc3 14. Re1 $1 Kf8 15. Bxc7 Nd5 16.
Bd6+ Nde7 17. Bd3 Rh4 $8 18. c4 Rh6 19. c5 b6 (19... Re6 $16) 20. Be4 $1 Re6
21. f5 Rxd6 22. cxd6 $18 {Ferron Garcia,C-Fernandez Aguado,E/Catalunia-chT/
1995/}) (9... Bd6 10. f4 Re8 11. Bd3 (11. Nf3 Bc5 12. Bd3 d5 13. Rde1 Rxe1+ 14.
Rxe1 Ne7 15. Nh4 Ng6 16. Nf3 Ne7 17. Ne5 Bf5 (17... Nf5 $5) 18. Bxf5 Nxf5 19.
Qd3 Ne7 20. g4 c6 21. g5 {Shabalov,A-Ivanov,AV/USA-ch (02)/1994/} Ne4 $1 22.
Nxe4 dxe4 23. Qxe4 Qd5 24. Nd3 Qxe4 25. Rxe4 Bd6 26. Bb4 Nf5 27. Bxd6 Nxd6 28.
Rd4 $14 {_|_}) 11... Bf8 12. Nf3 d6 13. Rhe1 Ne7 14. h3 Bd7 15. Qf2 c6 16. g4
Qc7 17. f5 Ned5 18. Qh4 Rxe1 19. Rxe1 Re8 20. g5 Rxe1+ 21. Bxe1 Ne8 (21... Nxc3
22. Bxc3 Nd5 23. Bxg7 $1 Bxg7 24. f6 $40) 22. Nxd5 cxd5 23. Bc3 $36 {Ferron
Garcia,C-Etchegaray,P/Zaragoza op-A (06)/1995/}) (9... Bxc3 10. Bxc3 d5 (10...
d6 11. f3 $44) 11. f3 Re6 12. Ne2 d4 $6 (12... Rd6 13. Nd4 Nxd4 14. Bxd4 $44)
13. Nxd4 Rd6 14. Qh4 Be6 15. Be2 Nd5 16. Qxd8+ Raxd8 17. Nxe6 Rxe6 (17... Nxc3
$2 18. Nxd8 Nxe2+ 19. Kb1 Nxd8 20. Rxd6 cxd6 21. Re1 $18) 18. Bc4 Red6 19. Bd2
{+/=/+/- _|_ Polgar,J-Hort,V/ Prague Wom-Vet (08)/1995/}) 10. Qe3 (10. Qd3 $5)
(10. Qh3 Bxc3 11. Bxc3 d5 12. Bd3 Rc4 13. Qg3 Rxc3 14. bxc3 Qe7 $13) 10... Ba5
11. f3 Rg6 (11... Rd4 $5) 12. h4 Bb6 13. Qe1 d6 14. h5 Nxh5 15. Rxh5 Bxg1 16.
Bd3 Bd4 (16... Bc5 $6 17. Qh1 (17. Bxg6 fxg6 18. Rh1 $13) 17... h6 18. Bxg6 $1
fxg6 19. Rxc5 $1 dxc5 20. Bxh6 Qe7 21. Bf4 $36) 17. Bxg6 fxg6 $13) 9... Bxc3 (
9... Rg4 10. Bxf6 Rxg3 11. Bxd8 Rxc3 12. Bxc7 Rc5 13. a3 Ba5 14. Bd6 $16) 10.
Qxc3 h6 $1 11. Bxf6 (11. Bd2 d6 $17) 11... Qxf6 12. Qxf6 gxf6 $15 {_|_} 13. Ne2
Ne7 (13... Re5 14. Nc3 Rf5 15. f3 Ne7 16. Bc4 Kf8 17. Rhe1 a6 $15) 14. Nc3 Re5
15. f4 Rc5 (15... Re6 16. Bc4 Rb6 17. Rhe1 Kf8 18. Re2 $13) 16. g4 d5 17. f5
Bd7 (17... c6 18. Rd3 $5) 18. h4 Bc6 (18... Re8 19. Rh3 a5 20. a3 a4 21. Rhd3
Bc6 22. Rd4 $13) 19. Rh3 {/\b4 צc5} a5 20. Bd3 (20. a3 a4 21. Rhd3 $13) 20...
Rd8 21. Ne2 Bb5 (21... d4 22. Kd2 Re5 $15) 22. Bxb5 Rxb5 23. Nf4 (23. Nd4 Rb4
$15) 23... d4 24. Nh5 Rd6 25. Re1 Kf8 26. Re4 Nc6 27. Rb3 (27. Rd3 Re5 28. Ng3
Nb4 29. Rdxd4 Rxe4 30. Rxe4 Nxa2+ 31. Kb1 Nb4 $15) 27... Rb4 (27... Rxb3 28.
axb3 Ne7 29. Ng3 c5 $17) 28. Rxb4 axb4 29. Ng3 Ne7 30. Ne2 c5 31. Nf4 Nd5 32.
Nd3 b6 33. Nf2 Rd7 34. Kd2 $2 (34. Re2 Ra7 35. Kb1 Ne3 $17) 34... Ra7 0-1

[Event "Ordzhonikidze zt 1.9"]
[Site "Ordzhonikidze"]
[Date "2000.06.10"]
[Round "2"]
[White "Mikhaletz, Lubomir"]
[Black "Romanishin, Oleg M"]
[Result "1/2-1/2"]
[WhiteElo "2513"]
[BlackElo "2578"]
[Annotator "Hecht,H"]
[PlyCount "119"]
[EventDate "2000.06.09"]
[EventType "swiss"]
[EventRounds "9"]
[EventCountry "UKR"]
[SourceTitle "CBM 078"]
[Source "ChessBase"]
[SourceDate "2000.10.18"]
[SourceVersion "1"]
[SourceVersionDate "2000.10.18"]
[SourceQuality "1"]

1. e4 e5 2. d4 exd4 3. Qxd4 Nc6 4. Qe3 Bb4+ 5. Nc3 Nf6 6. Bd2 O-O 7. O-O-O Re8
8. Bc4 Ne5 9. Bb3 d6 10. f3 a5 11. a3 Bc5 12. Qe1 c6 13. Na4 Bxg1 14. Qxg1 Nfd7
15. Be3 b5 16. Nb6 Nxb6 17. Bxb6 Qe7 18. Bd4 Be6 19. Bxe5 dxe5 20. Bxe6 Qxe6
21. Kb1 b4 22. Qc5 bxa3 23. Rd6 Qe7 24. Qxa3 Reb8 25. Rhd1 h6 26. g3 Rb5 27.
Ka1 Rab8 28. Rxc6 Qa7 29. Qc3 Rxb2 30. Rc8+ Kh7 31. Qxe5 R2b5 32. Qe8 Rxc8 33.
Qxb5 Rxc2 34. h4 Qc7 35. h5 Rc1+ 36. Rxc1 Qxc1+ 37. Ka2 Qc2+ 38. Ka3 Qc3+ 39.
Qb3 Qa1+ 40. Qa2 Qc3+ 41. Qb3 Qc5+ 42. Ka4 Qxh5 43. Qc3 Qh2 44. Qc4 Qd2 45. f4
h5 46. e5 Kh6 47. Kb5 Qb4+ 48. Qxb4 axb4 49. Kxb4 {[#] Bauern auf einem Flügel
bei entferntem weißen König.} g5 (49... h4 50. gxh4 Kg6 (50... Kh5 51. f5 $18 {
[%cal Re5e6]}) 51. Kc5 Kf5 52. Kd6 Kxf4 53. h5 Kg5 54. Ke7 f5 55. e6 f4 56. Kd6
f3 57. e7 f2 58. e8=Q f1=Q 59. Qg6+ Kh4 $11) 50. f5 g4 51. e6 fxe6 52. fxe6 Kg7
53. Kc5 Kf8 54. Kd4 Ke7 55. Ke3 Kxe6 56. Kd2 Kf5 57. Ke3 Ke5 58. Kd3 Kf6 59.
Ke2 Kg5 60. Kf2 1/2-1/2

[Event "USA-ch"]
[Site "Key West"]
[Date "1994.??.??"]
[Round "2"]
[White "Shabalov, Alexander"]
[Black "Ivanov, Alexander"]
[Result "1-0"]
[WhiteElo "2600"]
[BlackElo "2575"]
[Annotator "Horvath,Ta"]
[PlyCount "63"]
[EventDate "1994.10.??"]
[EventType "tourn"]
[EventRounds "13"]
[EventCountry "USA"]
[EventCategory "13"]
[SourceTitle "CBM 044"]
[Source "ChessBase"]
[SourceDate "1995.02.01"]
[SourceVersion "1"]
[SourceVersionDate "1995.02.01"]
[SourceQuality "1"]

1. e4 e5 2. d4 exd4 3. Qxd4 Nc6 4. Qe3 Nf6 (4... g6 5. Nc3 Bg7 6. Bd2 Nf6 7. e5
(7. O-O-O O-O 8. Nd5 d6 9. Bc3 $10) 7... Ng4 8. Qe2 (8. Qe4 Ngxe5 9. f4 d5 10.
Qxd5 Nd7 11. Qe4+ Qe7 $10) 8... Ngxe5 $2 (8... d6 $1 9. h3 Ngxe5 10. f4 Nd4 11.
Qe4 Qh4+ 12. Kd1 Qf2 13. Nge2 Nxe2 14. Bxe2 f5 15. Qd5 c6 $1 $15 {
Zilberman-Raschkowskij/UdSSR/1972}) 9. f4 Nd4 10. Qe4 d5 11. Qxd4 $1 Nf3+ 12.
Nxf3 Bxd4 13. Nxd4 $16 {Smith-Littlewood/Guernsey/1989}) 5. Nc3 (5. c4 $2 Bb4+
6. Nc3 O-O 7. f3 d5 $1 $17) 5... Bb4 (5... Be7 6. Qg3 O-O 7. Bh6 Ne8 8. Bf4 d6
9. O-O-O $14) 6. Bd2 O-O 7. O-O-O Re8 8. Qg3 (8. Bc4 Bxc3 (8... Ne5 $13) 9.
Bxc3 Nxe4 10. Qf4 Re7 11. Bxf7+ Rxf7 12. Qxe4 Qg5+ 13. Rd2 d5 $10 {Granda
Zuniga-Fernandez/Pamplona/1991}) 8... Rxe4 9. a3 $5 (9. f3 $6 Re6 10. Bd3 d5
11. Nge2 Ne5 12. Bf5 Re8 $17 {Marosi,Cs-Majdanic/Szekszard/1989}) 9... Bd6 $6 (
9... Rg4 $5 10. Qh3 (10. Qd3 $5) 10... Bxc3 11. Bxc3 d5 12. Bd3 Rc4 13. Qg3
Rxc3 14. bxc3 Qe7 $13) (9... Bxc3 10. Bxc3 d6 11. f3 $44) 10. f4 Re8 11. Nf3
Bc5 $6 (11... Bf8 $5) 12. Bd3 d5 13. Rde1 Rxe1+ 14. Rxe1 Ne7 15. Nh4 Ng6 16.
Nf3 Ne7 17. Ne5 Bf5 (17... Nf5 18. Qf3 Nd4 19. Qf1 Bf5 20. Bxf5 Nxf5 21. Qd3)
18. Bxf5 Nxf5 19. Qd3 Ne7 20. g4 c6 21. g5 Nd7 $2 (21... Ne4 $1 22. Nxe4 dxe4
23. Qxe4 Qd5 $14) 22. Ng4 Nb6 23. f5 Qd7 24. Rf1 Bd6 $2 (24... Nc4 $142 $1) 25.
Qh3 Kh8 26. f6 gxf6 27. gxf6 Ng6 $2 (27... Ng8 28. Qh5 {/\Rf3-h3} (28. Nh6 Nxh6
(28... Qxh3 $4 29. Nxf7#) 29. Qxh6 Rg8 $13)) 28. Bh6 Bf8 29. Bg7+ Bxg7 30.
fxg7+ Kxg7 31. Qh6+ Kh8 32. Nf6 1-0

[Event "Madrid"]
[Site "Madrid"]
[Date "1992.??.??"]
[Round "8"]
[White "Romero Holmes, Alfonso"]
[Black "Karpov, Anatoly"]
[Result "0-1"]
[WhiteElo "2490"]
[BlackElo "2725"]
[Annotator "Knaak,R"]
[PlyCount "68"]
[EventDate "1992.05.??"]
[EventType "tourn"]
[EventRounds "9"]
[EventCountry "ESP"]
[EventCategory "13"]
[SourceTitle "CBM 030"]
[Source "ChessBase"]
[SourceDate "1992.10.01"]
[SourceVersion "1"]
[SourceVersionDate "1992.10.01"]
[SourceQuality "1"]

1. e4 e5 2. d4 exd4 3. Qxd4 Nc6 4. Qe3 Nf6 $1 (4... Be7 5. Bd2 Nf6 6. Nc3 O-O
7. O-O-O d5 8. exd5 Nxd5 9. Qg3 $13 {Mieses,J-Alekhine,A/Scheveningen/1913/0-1/
33/  -> CBM 15 [Huebner,R]}) 5. Nc3 (5. e5 Ng4 6. Qe4 d5 7. exd6+ Be6 $44) 5...
Bb4 6. Bd2 O-O 7. O-O-O Re8 8. Bc4 d6 (8... Na5 $6 9. Be2 (9. Bd3 d5 10. Nge2
c5 11. a3 d4 12. Qg3 Bxc3 $13 {Minev} (12... dxc3 $2 13. Nxc3 Bxc3 14. Bxc3 Nc6
15. e5 Nh5 16. Bxh7+ Kxh7 17. Rxd8 $16 {Korolev-Geller,A/URS/1966/})) 9... d5
10. Qg3 {Karpov}) (8... Bxc3 9. Bxc3 Nxe4 10. Qf4 Nf6 11. Nf3 d6 12. Ng5 Be6
13. Bd3 h6 14. h4 $13 {Winawer-Steinitz/Nürnberg/1896/1-0/20/}) 9. f3 Na5 10.
Bb3 Nxb3+ 11. axb3 a5 $1 $146 (11... d5 $2 12. Nxd5 Nxd5 13. Qd4 $16 {ECO,
Florian}) 12. Qf2 Bd7 13. Nge2 a4 14. bxa4 Bxa4 15. Nb1 {Der Springer wird bis
zuletzt eine passive Rolle spielen, um den König zu schützen.} Bc5 16. Be3 (16.
Qh4 Bc6 17. Bg5 h6 18. Bxf6 Be3+ {Karpov (Schachwoche 1992/22)}) 16... b6 (
16... Rxe4 $2 17. Bxc5 Rc4 18. Nec3 Rxc5 19. Nxa4 Rxa4 20. Qxc5 {Karpov}) 17.
Bd4 Bd7 18. g4 Ra5 19. Nf4 Bc6 20. Rhg1 Nd7 21. Nh5 $5 (21. h4 Bxd4 22. Rxd4
$13) 21... g6 22. Qd2 $5 (22. b4 Bxb4 (22... Bxd4 23. Qxd4 Rae5 24. f4 $2 (24.
Nc3 $13) 24... Rxh5 25. gxh5 Rxe4 $17) 23. Qe3 gxh5 24. gxh5+ Kf8 $13) 22...
Bxd4 23. Qxd4 gxh5 24. gxh5+ Kf8 25. Qg7+ Ke7 26. Rg5 $2 (26. f4 $1 Qa8 (26...
Bxe4 $5 27. Rge1 d5 28. b4 $1 (28. Qg5+ Kd6 $5 (28... Nf6 $6 29. b4 $1 (29.
Rxe4+ dxe4 30. Rxd8 Rxg5 31. Rxe8+ Kxe8 32. fxg5 Nxh5 $17) 29... h6 $1 30. Qh4
Ra2 31. Rxe4+ Kf8 $1 (31... dxe4 32. Rxd8 Rxd8 33. Nc3 {/\ Nxe4}) 32. Rxe8+
Kxe8 $13) 29. Qxd8 Rxd8 30. Rxe4 $17) 28... Ra2 (28... Rg8 $2 29. Qb2 Ra7 30.
Rxd5 $18) 29. Rxe4+ dxe4 30. Qg5+ Kf8 (30... f6 $2 31. Qg7+ Ke6 32. f5+ Kxf5
33. Rxd7 $16) 31. Qh6+ $10) 27. e5 $1 dxe5 28. Qg5+ $1 f6 (28... Kf8 $1 {
Weiß kann die Züge wiederholen.} 29. Qh6+ (29. f5 $2 e4 30. Qh6+ Ke7 31. Rg7
Nf6 $19) 29... Ke7 30. Qg5+ $10) (28... Nf6 $2 29. fxe5 $18) 29. Qf5 $3 (29.
Qg7+ Kd8 30. Qxf6+ Kc8 $17) 29... Kd8 (29... Rf8 30. Rg7+ Rf7 31. Rxf7+ Kxf7
32. Qxh7+ Ke8 33. Qg6+ Ke7 34. Qg7+ Ke6 35. h6 $16) 30. Rg7 Kc8 $8 (30... Re7
31. Qxf6 $18) 31. Rdxd7 Bxd7 32. Qxd7+ Kb7 33. Qxc7+ Ka6 34. b4 $1 Rc8 $1 (
34... Ra2 $2 35. b5+ Ka5 36. Qc3+ Kxb5 37. Qb3+ Kc6 (37... Kc5 38. Rc7+ Kd6 39.
Qxb6+ Kd5 40. Nc3#) 38. Qc4+ Kd6 39. Qc7+ Kd5 40. Nc3+ Kd4 41. Qd6+ Ke3 42.
Qd3+ Kf2 43. Nd1+ Ke1 44. Rg1#) 35. Qf7 $1 {>< a2} (35. Qd7 $2 Qh1+ 36. Kb2
Rxc2+ $1 37. Kxc2 Ra2+ 38. Kc3 Qc1+ $19) 35... Ra4 36. Qb3 b5 $13 (36... Qc6
37. b5+ $1 Qxb5 38. Ra7+ Kxa7 39. Qxb5 $18)) (26. f4 Qa8 27. e5 dxe5 28. fxe5
Rxe5 {Karpov}) 26... Qa8 27. b4 Rxg5 $19 28. Qxg5+ f6 29. Qg7+ Kd8 30. Qxh7 Qa2
31. Qh6 Kc8 32. Qf4 Rh8 33. h6 Qg8 34. Rd3 Qg5 0-1

[Event "Moscow Aeroflot op-A"]
[Site "Moscow"]
[Date "2007.02.18"]
[Round "5"]
[White "Nepomniachtchi, Ian"]
[Black "Vallejo Pons, Francisco"]
[Result "0-1"]
[WhiteElo "2587"]
[BlackElo "2679"]
[Annotator "Kortschnoj,V"]
[PlyCount "72"]
[EventDate "2007.02.14"]
[EventType "swiss"]
[EventRounds "9"]
[EventCountry "RUS"]
[SourceTitle "CBM 117"]
[Source "ChessBase"]
[SourceDate "2007.03.30"]
[SourceVersion "1"]
[SourceVersionDate "2007.03.30"]
[SourceQuality "1"]

1. e4 e5 2. d4 exd4 3. Qxd4 Nc6 4. Qe3 Nf6 5. Nc3 Bb4 6. Bd2 O-O 7. O-O-O Re8
8. Qg3 Nxe4 9. Nxe4 Rxe4 10. Bf4 {10.Bg5 is worth of consideration. But the
inventor of this attacking line, J. Mieses, used to put the bishop on f4.} Qf6
11. Nh3 d6 12. Bd3 Nd4 {Modern theory believes 12...Re8 is safer. Perhaps,
this game will help to reverse the theoretical point of view.} 13. Kb1 $6 {
I wonder whether the guy who was playing White knew the famous encounter
Mieses-Capablanca (1913). Presumably, yes. And he was not satisfied with the
course of that game and prepared an improvement... Well, let me remind the
readers what happened in that memorable game:} (13. Be3 Bg4 $2 ({Instead of 13.
..Bg4 he could continue} 13... Rg4 14. Bxd4 Rxd4 15. c3 (15. Qe3 Bf5) 15...
Bxc3 16. bxc3 Rg4 17. Qf3 {(the inclusion of moves Rhe1 Bf5 is for Black's
benefit)} Qxc3+ 18. Bc2 {(if the white queen on move 16 came to e3 Black could
now exchange the queens and grab the g2-pawn with quite a good game)} Qa1+ 19.
Kd2 Rd4+ 20. Ke2 Rxd1 21. Rxd1 Qxa2 22. Rd2 Qc4+ 23. Bd3 Qh4 {...}) ({Not} 
13... Bxh3 $2 14. Qxh3 Rh4 15. Bxd4 {winning.}) 14. Ng5 Rxe3 15. Qxg4 Ne2+ 16.
Bxe2 Rxe2 17. Ne4 {and White won an exchange. We must admit it was one of the
few blunders, committed by Capablanca in his chess career.} Rxe4 18. Qxe4 Qg5+
19. f4 Qb5 20. c3 Bc5 21. Rhe1 Qc6 22. Rd5 Qd7 23. f5 c6 24. Rd2 d5 25. Qf3 Be7
26. Rde2 Bf6 27. Qh5 h6 28. g4 Kh7 29. Kb1 Rd8 30. Rd1 c5 31. Qh3 Qa4 32. Red2
Qe4+ 33. Ka1 b5 34. Qg2 Qa4 35. Kb1 b4 36. cxb4 Qxb4 37. a3 Qa4 38. Rxd5 Rb8
39. R1d2 c4 40. Qg3 Rb3 41. Qd6 c3 42. Rc2 cxb2 43. Rd3 Qe4 44. Rd1 Rc3 {
0-1 Mieses,J-Capablanca,J/Berlin 1913/EXT 2001}) 13... Ne2 14. Qf3 $2 {This
was a novelty, prepared by the young guy at home...} Ba3 $3 {... and this move
immediately refutes his home preparation. Black is already winning!} 15. bxa3 (
15. c3 Nxc3+ $19) 15... Nc3+ 16. Kc1 Nxa2+ 17. Kb1 Nc3+ 18. Kc1 Bxh3 19. Bxe4
Bxg2 $1 $19 {This is the point of the black combination - Black regains all
the material and is winning!} 20. Qxg2 Qxf4+ 21. Kb2 Nxe4 22. Rd4 {Now White
loses an exchange. But his position was anyway dead lost.} Qf6 23. Qxe4 c5 24.
Re1 h5 25. Qf4 Qxd4+ 26. Qxd4 cxd4 27. Re7 b6 28. a4 {There is no respect for
the Spanish matador. The young guy - three pawns down - could already have
resigned with a clear conscience.} g5 29. Kb3 Kg7 30. Rc7 Re8 31. Rxa7 Re2 32.
Rb7 Rxf2 33. Rxb6 Rxh2 34. a5 Re2 35. a6 Re8 36. a7 Ra8 0-1